| 000 | 00575nam a22001937a 4500 | ||
|---|---|---|---|
| 005 | 20251108175602.0 | ||
| 008 | 250721s2016 xx 000 0 ara d | ||
| 082 | 1 | 4 | _aم/ط/551.6/اطل |
| 100 | 1 | _aأفندي، عماد الدين | |
| 245 | 1 | 0 | _aأطلس التغير المناخي / |
| 264 | 1 |
_aبيروت : _bدار الشرق العربي، _c2016. |
|
| 300 | _a160ص. | ||
| 650 | 1 | 7 | _aالمناخ |
| 650 | 1 | 7 | _aالبيئة الارضية |
| 650 | 1 | 7 | _aالطقس |
| 653 | _aناشئون صغار (10-14 ) صغار | ||
| 942 |
_2ddc _cBK |
||
| 999 |
_c137603 _d137603 |
||